| 000 | 01812cam a2200457 a 4500 | ||
|---|---|---|---|
| 001 | 12686884 | ||
| 003 | OSt | ||
| 005 | 20140403134418.0 | ||
| 008 | 020225r20022001nyua c 000 1 eng | ||
| 010 | _a 2002021037 | ||
| 020 | _a043942089X | ||
| 035 | _a(DLC) 2002021037 | ||
| 035 | _a(DLC)2854 | ||
| 040 |
_aDLC _cDLC _dDLC |
||
| 041 | 1 |
_aeng _hger |
|
| 042 | _alcac | ||
| 050 | 0 | 0 |
_aPZ 7 _b.F96624Th 2003 |
| 100 | 1 |
_aFunke, Cornelia Caroline. _917287 |
|
| 240 | 1 | 0 |
_aHerr der Diebe. _lEnglish |
| 245 | 1 | 4 |
_aThe Thief Lord / _cCornelia Funke ; [English translation, Oliver Latsch]. |
| 250 | _a1st American ed. | ||
| 260 |
_aNew York : _bScholastic, _c2003. |
||
| 300 |
_a349 p. : _bill., map ; _c22 cm. |
||
| 520 | _aEscaping the aunt who wants to adopt only one of them, two orphaned brothers run away from Hamburg to Venice, finding shelter with a gang of street children and their leader, the thirteen-year-old "Thief Lord," while also eluding the detective hired to return them to Germany. | ||
| 521 | _aG4 | ||
| 526 | _c640 | ||
| 650 | 1 |
_aRunaways _vFiction. _924617 |
|
| 650 | 1 |
_aRobbers and outlaws _vFiction. _924618 |
|
| 650 | 1 |
_aBrothers _vFiction. _924619 |
|
| 650 | 1 |
_aDetectives _vFiction. _924620 |
|
| 650 | 1 |
_aOrphans _vFiction. _924621 |
|
| 650 | 1 |
_aStreet children _vFiction. _924622 |
|
| 651 | 1 |
_aVenice (Italy) _vFiction. _924623 |
|
| 651 | 1 |
_aItaly _vFiction. _924624 |
|
| 700 | 1 |
_aLatsch, Oliver. _917291 |
|
| 856 | 4 | 2 |
_3Publisher description _uhttp://www.loc.gov/catdir/description/schol051/2002021037.html |
| 906 |
_a7 _bcbc _corignew _d1 _eocip _f20 _gy-gencatlg |
||
| 942 |
_2lcc _cBK |
||
| 999 |
_c47388 _d47388 |
||